Missing Word: 'W' Books II Quiz Stats

 Plays Quiz Updated Jun 6, 2017

Support Sporcle.
Go Orange.
Score 0/20 Timer 03:00
0 Plays Today
Book Title Book % Correct
For _____ the Bell TollsWhom
96.6%
_____ and PeaceWar
96.5%
Little _____Women
96.3%
Alice's Adventures in _____Wonderland
96.2%
All Quiet on the _____ FrontWestern
95.2%
The War of the _____Worlds
93.4%
_____ HeightsWuthering
92.7%
The Wonderful _____ of OzWizard
92%
The Woman in _____White
81%
Like _____ for ChocolateWater
80.3%
Book Title Book % Correct
A _____ in TimeWrinkle
66.3%
_____ You Go, Bernadette?Where'd
47.5%
Pudd'nhead _____Wilson
38.1%
_____ for the BarbariansWaiting
31.5%
If on a _____ Night a TravelerWinter's
27.1%
_____ SquareWashington
27.1%
The Tenant of _____ HallWildfell
20.7%
The _____ GameWesting
18.5%
The Sorrows of Young _____Werther
15.4%
The _____ Bird ChronicleWind-Up
12.3%

Today's Daily Dose

You're not logged in!

Compare scores with friends on all Sporcle quizzes.
OR
Log In
Forgot?

From the Vault

Pokémon Types (Real or Fake?)

by Mudkip

If you still call them all Pikachu, you might have to guess a little.
Remove Ads.
Support Sporcle.
Get the best of Sporcle when you Go Orange. This ad-free experience offers more features, more stats, and more fun while also helping to support Sporcle. Thank you for becoming a member.

Show Comments

Extras

Top Quizzes Today


Score Distribution

Your Account Isn't Verified!

In order to create a playlist on Sporcle, you need to verify the email address you used during registration. Go to your Sporcle Settings to finish the process.

Report this User

Report this user for behavior that violates our Community Guidelines.

Details: